|
|
|
|
| LEADER |
00972nam a2200277 i 4500 |
| 001 |
989 |
| 003 |
BD-DhAAL |
| 005 |
20130829114620.0 |
| 008 |
130829s1979 cau b 001 0 eng d |
| 010 |
|
|
|a 78073905
|
| 040 |
|
|
|a DLC
|c DLC
|d DLC
|d BD-DhAAL
|
| 043 |
|
|
|a n-us---
|
| 050 |
0 |
0 |
|a P92.U5
|b U8
|
| 082 |
0 |
0 |
|a 302.2/3
|
| 245 |
0 |
0 |
|a Using the mass media /
|c Arthur V. Ciervo, guest editor.
|
| 260 |
|
|
|a San Francisco :
|b Jossey-Bass,
|c 1979.
|
| 300 |
|
|
|a v, 97 p. ;
|c 24 cm.
|
| 490 |
|
0 |
|a New directions for institutional advancement ;
|v no. 5
|
| 504 |
|
|
|a Includes bibliographies and index.
|
| 541 |
|
|
|e 989
|
| 650 |
|
0 |
|a Mass media
|z United States.
|9 2834
|
| 650 |
|
0 |
|a Education, Higher
|z United States.
|9 2835
|
| 700 |
1 |
|
|a Ciervo, Arthur V.
|9 2836
|
| 942 |
|
|
|2 ddc
|c BK
|
| 999 |
|
|
|c 13902
|d 13902
|
| 952 |
|
|
|0 0
|1 0
|2 ddc
|4 0
|6 302_230000000000000_USE
|7 0
|9 23271
|a BRACUL
|b BRACUL
|c GEN
|d 2013-08-29
|g 0.00
|l 0
|o 302.23 USE
|p 3010000989
|r 2013-08-29
|t 1
|w 2013-08-29
|y BK
|z Not price in Register
|